000
00227nam a22000857a 4500
999
_c
515374
_d
515374
100
_a
Srivastva, Suresh
_9
20796
245
_a
Behavioural sciences in managament
_c
by Suresh Srivastva
260
_a
Bombay
_b
Asia
_c
1967
300
_a
326p.